Global communication : theories, stakeholders, and trends (Record no. 8687)

MARC details
000 -LEADER
fixed length control field 00595nam a22001697a 4500
008 - FIXED-LENGTH DATA ELEMENTS--GENERAL INFORMATION
fixed length control field 210423b ||||| |||| 00| 0 eng d
020 ## - INTERNATIONAL STANDARD BOOK NUMBER
International Standard Book Number 9781118622025
082 ## - DEWEY DECIMAL CLASSIFICATION NUMBER
Classification number 302.2 MCP
100 ## - MAIN ENTRY--PERSONAL NAME
Personal name McPhail, Thomas L.
245 ## - TITLE STATEMENT
Title Global communication : theories, stakeholders, and trends
250 ## - EDITION STATEMENT
Edition statement Fourth edition.
260 ## - PUBLICATION, DISTRIBUTION, ETC.
Name of publisher, distributor, etc. Chichester, West Sussex ; Malden, MA :
Place of publication, distribution, etc. Wiley/Blackwell.,
Date of publication, distribution, etc. 2014.
300 ## - PHYSICAL DESCRIPTION
Extent ix, 326 p.
Dimensions 25 cm.
500 ## - GENERAL NOTE
General note <br/>Includes bibliographical references and index.
650 ## - SUBJECT ADDED ENTRY--TOPICAL TERM
Topical term or geographic name entry element Communication, International. Communication--International cooperation.
942 ## - Added entry Elements (Koha)
Source of classification or shelving scheme Dewey Decimal Classification
Holdings
Withdrawn status Lost status Source of classification or shelving scheme Damaged status Not for loan Collection code Home library Current library Shelving location Date acquired Serial Enumeration / chronology Total Checkouts Full call number Barcode Date last seen Date last checked out Price effective from Koha item type
    Dewey Decimal Classification     Main TEST RTC Library RTC Library Main opac 23/04/2021 14989 2 302.2 MCP 30014120 07/11/2024 05/08/2024 23/04/2021 Main
Royal Thimphu College || All Right Reserved